Normal view
MARC view
- International Workshop on ppropriate Methodologies for development and management of ground water resources in developing countries
Entry Topical Term
001 - CONTROL NUMBER
- control field: 40155
003 - CONTROL NUMBER IDENTIFIER
- control field: NUST
005 - DATE AND TIME OF LATEST TRANSACTION
- control field: 20210314131659.0
008 - FIXED-LENGTH DATA ELEMENTS
- fixed length control field: 210314|| aca||aabn | a|a d
040 ## - CATALOGING SOURCE
- Original cataloging agency: NUST
- Transcribing agency: NUST
150 ## - HEADING--TOPICAL TERM
- Topical term or geographic name entry element: International Workshop on ppropriate Methodologies for development and management of ground water resources in developing countries
670 ## - SOURCE DATA FOUND
- Source citation: Work cat.: (NUST): Gupta, C.P 40154, Appropriate Methodologies for development and management of ground water resources in developing countries, c1989.
